| 000 | 00416nam a2200133 4500 | ||
|---|---|---|---|
| 082 |
_a338.763820954162 _bDAS |
||
| 100 | _aDas, Manjit | ||
| 245 | _aProblems and prospects of ericulture in Assam with special reference to Barpeta District | ||
| 260 |
_aShillong _bDepartment of Economics, NEHU _c2007 |
||
| 300 | _axi, 223p.:ill.,maps.;28cm. | ||
| 502 | _bPh.D | ||
| 700 | _aDe, U. K., Supervisor/Guide | ||
| 942 | _2ddc | ||
| 999 |
_c86439 _d86439 |
||